Отношението между епистемология и етика в теорията след Франкфуртската школа (Запис номер 493288)
[ съкратено ]
| 000 -Лидер | |
|---|---|
| Лидер | 01644nam a2200337 a 4500 |
| 003 - Код на организацията, давaща контролен номер | |
| Код на организацията, даваща контролен номер | BLK |
| 005 - Дата и час на последна редакция | |
| Дата и час на последна редакция | 20231010162413.0 |
| 007 - Фиксирано поле за физическо описани | |
| Физическо описание | ta |
| 008 - Елементи от данни с фиксирана дължина | |
| Елементи с фиксирана дължина | 230803b bu |||||r|||| 00| | bu d |
| 020 ## - Международен стандартен номер на книга ISBN | |
| ISBN | 9786197372625 |
| 040 ## - Източник на каталожния запис | |
| Код на библиотеката | BLK |
| 041 ## - Код за език | |
| Език | Български |
| Език за КДБФ | Български |
| 080 ## - УДК | |
| 9 (RLIN) | 239688 |
| УДК текст | Теория на познанието (гносеология). Епистемология. Проблемът на познанието изобщо |
| УДК код | 165 |
| УДК – код + определител | 165 |
| 080 ## - УДК | |
| 9 (RLIN) | 241453 |
| УДК текст | Школи и концепции в етиката. Етически учения, направления, гледища |
| УДК код | 17.03 |
| УДК – код + определител | 17.03 |
| 084 ## - Класификационен индекс по друга класификация | |
| Авторски знак | Илие - И 52 |
| 100 ## - Редна дума - Автор | |
| R(LIN) | 468303 |
| Автор | Илиев, Георги Стоянов |
| 245 ## - Сведения за заглавието | |
| Заглавие | Отношението между епистемология и етика в теорията след Франкфуртската школа |
| Авторска отговорност | Георги Илиев |
| 260 ## - Област на издателските данни | |
| 9 (RLIN) | 391695 |
| Място на издаване | София |
| Име на издателя | Изд. център Боян Пенев при Инст. за лит. - БАН |
| Година на издаване | 2023 |
| Печатница | Дайрект сървисиз |
| 300 ## - Физическа характеристика | |
| Брой страници | 300 с. |
| Размер | 21 см |
| 380 ## - Жанр | |
| Жанр | Философия |
| 500 ## - Общи забележки | |
| Обща забележка | Изд. на БАН. Институт за лит.<br/>Биогр. данни за авт. отбелязани на гърба на кор.<br/> |
| 504 ## - Забележка за наличие на библиография и др | |
| Библиография | Библиогр.: с. 295-299 |
| 650 #0 - Допълнително описание по предмет – тема | |
| 9 (RLIN) | 262864 |
| Предметна рубрика | Познание - теория |
| 650 #7 - Допълнително описание по предмет – тема | |
| 9 (RLIN) | 155121 |
| Предметна рубрика | Етика |
| 650 #0 - Допълнително описание по предмет – тема | |
| 9 (RLIN) | 251900 |
| Предметна рубрика | Философия - системи, направления и школи |
| 852 ## - Местоположение | |
| Сигнатура (форматна) | Цб 318998 |
| Отдел | Хранилище |
| 856 ## - Електронен адрес и достъп | |
| Инструкция (цена за достъп) | 0.00 |
| Права за достъп | disable |
| 942 ## - АРТИКУЛИ | |
| Вид на библиотечния документ | Книги |
| Скрит в OPAC | Не |
| 944 ## - СЪЗДАВАНЕ И РЕДАКЦИЯ на ЗАПИСА | |
| Дата на регистрацията/редакция | Моника Янева |
| Служител, извършил регистрацията/редакцията | 30545 |
| Номер на служител | Нора Радева |
| 999 ## - СИСТЕМНИ КОНТРОЛНИ НОМЕРА | |
| Koha biblionumber | 493288 |
| Koha biblioitemnumber | 493288 |
| 999 ## - СИСТЕМНИ КОНТРОЛНИ НОМЕРА | |
| Koha biblioitemnumber | 493288 |
| Код за отписване | Код за изгубен артикул | Източник на класификационната схема | Код за повреда | Коз за рестрикции | Код за отдаване | Артикулен № | Име на библиотеката - собственик | Име на библиотеката, в която се намира в момента | Статус (Текущо местоположение) | Дата на вписване в системата | Местоположение - отдел | Цена в лева | Инвентарен номер | Систематично азбучна сигнатура | Баркод | Цена в евро | Служебен тип на артикула |
|---|---|---|---|---|---|---|---|---|---|---|---|---|---|---|---|---|---|
| Не е изгубен | Universal Decimal Classification | Не е повреден | само за читалня | ползва се в читалня | 931877 | Регионална библиотека "Любен Каравелов" Русе | Регионална библиотека "Любен Каравелов" Русе | Хранилище | 2023-08-03 | Хранилище | 16.00 | 120000891004 | Цб 318998 | 120000891004 | 8.18 | Книги | |
| Не е изгубен | Universal Decimal Classification | Не е повреден | заемане за дома | 934766 | Регионална библиотека "Любен Каравелов" Русе | Регионална библиотека "Любен Каравелов" Русе | Заемна - подръчен фонд | 2023-10-23 | Заемна - подръчен фонд | 16.00 | 120000893929 | 16/И 52 Г | 120000893929 | 8.18 | Книги |